|
|
|
|
| LEADER |
00000nam0a2200000 4500 |
| 001 |
21390 |
| 005 |
20231101205427.0 |
| 010 |
|
|
|a 5864611492
|
| 035 |
|
|
|a (RuTPU)RU\TPU\book\21589
|
| 035 |
|
|
|a BOOK00021659
|
| 090 |
|
|
|a 21390
|
| 100 |
|
|
|a 20011209d1994 m y0rusy50 ca
|
| 101 |
0 |
|
|a rus
|
| 102 |
|
|
|a RU
|
| 105 |
|
|
|a y j 000zy
|
| 200 |
1 |
|
|a Справочник-ключ к учебнику "Практическая грамматика английского языка"
|f К. Н. Качалова
|
| 210 |
|
|
|a Москва
|c Дело Лтд
|d 1994
|
| 215 |
|
|
|a 159 с.
|
| 422 |
|
1 |
|0 (RuTPU)RU\TPU\book\21712
|y 5-86461-150-6
|t Практическая грамматика английского языка
|f К. Н. Качалова, Е. Е. Израилевич
|e 8-е изд., перераб. и доп.
|c Москва
|n Дело Лтд
|n Стрикс
|d 1994
|p 720 с.
|a Качалова, Ксения Николаевна
|
| 606 |
1 |
|
|a Английский язык
|x Учебные руководства и пособия для высшей школы
|x Пособия по грамматике
|2 stltpush
|3 (RuTPU)RU\TPU\subj\29073
|9 52485
|
| 610 |
1 |
|
|a грамматика
|
| 610 |
1 |
|
|a учебные пособия
|
| 686 |
|
|
|a Ш143.21-923.2
|v LBC/SL-A
|2 rubbk
|
| 700 |
|
1 |
|a Качалова
|b К. Н.
|g Ксения Николаевна
|
| 801 |
|
0 |
|a RU
|b 63413507
|c 20011209
|g PSBO
|
| 801 |
|
2 |
|a RU
|b 63413507
|c 20161111
|g PSBO
|
| 942 |
|
|
|c BK
|